00484 2200205 4500001002100000005001500021008004100036020002200077035001900099041000600118082000800124090001400132100001900146700001900165245002300184260002100207300002700228500000600255650001700261INLIS00000000000493920241224113015241224||||||||| | ||| |||| ||  a978-602-242-199-3 0010-1224004939 a00 a813 a813 NEL a0 aNelfi Syafrina0 aSri Widyastuti00aAnak Muslim Cerdas bDar! Mizanc2013 a148 hlm.; ilus.: 24 cm a1 0aKesusastraan